000 00942nmm a2200241 a 4500
001 ocm000702534
003 TR-IsHL
005 20201028123831.0
008 130902s1984 tu tur
007 cr cn
035 _a702534
_b(N$T)
050 0 4 _aKKX54.7
_b.O59 1984
090 0 4 _aKKX54.7
_b.O59 1984
245 1 0 _aXVII. olağan genel kurul, 18 - 19 Şubat 1984, Ankara başkanlık raporu ve yönetim kurulu çalışma raporu, mali faaliyet raporu ve bütçe tasarısı
_h[electronic resource]
260 _aAnkara :
_bTürkiye Barolar Birliği,
_c1984
300 _a180 p.
650 4 _aHukuk
650 4 _aLaw
650 0 _aTürkiye Barolar Birliği
_x Olağanüstü Genel Kurul Toplantısı
650 0 _aUnion of Turkish Bar Associations
_x Extraordinary General Assembly Meeting
650 7 _aLAW / General
_2bisacsh
856 4 0 _uhttp://search.ebscohost.com/login.aspx?direct=true&scope=site&db=e011xww&AN=702534
999 _c2623
_d2623